| 000 | 00676nam a2200277Ia 4500 | ||
|---|---|---|---|
| 008 | 210210b1931 xxu||||| |||| 00| 0 eng d | ||
| 041 | _aeng | ||
| 082 | _a542/87 | ||
| 100 | _aMACBETH (A Killen) | ||
| 245 | _aOrganic chemistry for medical intermediate science and pharmaceutical students Ed 2 | ||
| 250 | _a | ||
| 260 |
_aLondon _bLongman Green & Co Ltd., _c1931 |
||
| 300 | _a296 | ||
| 650 | _astudents | ||
| 650 | _ascience | ||
| 650 | _apharmaceutical | ||
| 650 | _aOrganic | ||
| 650 | _amedical | ||
| 650 | _aintermediate | ||
| 650 | _afor | ||
| 650 | _aEd | ||
| 650 | _achemistry | ||
| 650 | _a2 | ||
| 690 | _aOrganic Chemistry | ||
| 906 | _a009338 | ||
| 999 |
_c126940 _d126940 |
||